Dust storm identification via satellite remote sensing (Record no. 164073)
[ view plain ]
| 000 -LEADER | |
|---|---|
| fixed length control field | 01316nam a2200325 a 4500 |
| 082 04 - DEWEY DECIMAL CLASSIFICATION NUMBER | |
| Classification number | 551.55/9 |
| 245 00 - TITLE STATEMENT | |
| Title | Dust storm identification via satellite remote sensing |
| 260 ## - PUBLICATION, DISTRIBUTION, ETC. (IMPRINT) | |
| Place of publication | New York : |
| Name of publisher | Nova Science Publishers, |
| Year of publication | c2010. |
| 300 ## - PHYSICAL DESCRIPTION | |
| Number of Pages | x, 109 p. : |
| Other physical details | ill., maps. |
| 490 0# - SERIES STATEMENT | |
| Series statement | Natural disaster research, prediction, and mitigation series |
| 650 #0 - SUBJECT ADDED ENTRY--TOPICAL TERM | |
| Topical Term | Dust storms |
| 700 1# - ADDED ENTRY--PERSONAL NAME | |
| Personal name | Kaskaoutis, D. G. |
| 856 40 - ELECTRONIC LOCATION AND ACCESS | |
| Uniform Resource Identifier | http://site.ebrary.com/lib/rucke/Doc?id=10675087 |
No items available.
